| 000 | 00717cam a2200205 a 4500 | ||
|---|---|---|---|
| 001 | 000001626 | ||
| 005 | 20200929145636.0 | ||
| 008 | 920423s1990 cu a b 000 0cspa c | ||
| 040 |
_aDO-SdBNP _cTxU _dDLC |
||
| 082 |
_a972.91063 _bC719v |
||
| 245 | 0 | 3 |
_aEl color de la victoria / _cedición de Yolanda Mirabal Reyes. |
| 260 |
_aLa Habana : _bAbril, _c1990. |
||
| 300 |
_a214 p. : _bil. ; _c16 cm. |
||
| 651 | 4 |
_aCuba _xHistoria _yASALTO AL CUARTEL MONCADA, 1953 _vBIOGRAFÍA _95316 |
|
| 651 | 4 |
_aCuba _xHistoria _yLUCHA DE LA REVOLUCIÓN, 1953 _vBIOGRAFÍA _95317 |
|
| 651 | 4 |
_aHabana (Cuba{Rpara} _vBIOGRAFÍA _95318 |
|
| 700 | 1 |
_aMirabal Reyes, Yolanda, _eed. _95319 |
|
| 910 | _aCatalogación por copia / LC | ||
| 910 | _aWM | ||
| 999 |
_c1517 _d1517 |
||